000
00229nam a22000857a 4500
008
160629b xxu||||| |||| 00| 0 eng d
100
_9
1320
_a
Kashyap, S.C
245
_a
Our Constitution
260
_a
New Delhi
_b
National Book Trust
_c
1993
999
_c
1081
_d
1081